• 首页
  • 本馆介绍
  • 公告通知
  • 最新文献
  • 馆藏检索
  • 电子资源
  • 读者导购
  • 参考咨询
  • 我的图书馆
  • 登录
  • 详细信息显示
  • 放入我的书架
  • 预约/预借图书
  • 作者相关作品
  • 分类相关作品
  • 丛书相关作品
  • 出版社相关作品

书目信息

  • 表格格式
  • 工作单格式
  • 卡片格式
题名:
化学镀膜技术
    
 
作者: 赵俊民 , 薛涛 编
分册:  
出版信息: 北京   国防工业出版社  1982
页数: 228页
开本: 21cm
丛书名:
单 册:
中图分类: O484.4
科图分类:
主题词: 镀膜-化学镀--技术 , 化学镀-镀膜--技术
电子资源:
ISBN:
000 00663nam0 2200253 45
001 0182005583
005 20060817165948.26
010    @dCNY0.95
091    @aCN@b15034.2381
100    @a19950421d1982 emky0chiy0121 ea
101 0  @achi
102    @aCN@b110000
105    @ay z 000yy
200 10 @a化学镀膜技术@Ahua xue du mo ji shu@f薛涛,赵俊民编
210    @a北京@c国防工业出版社@d1982
215    @a228页@d21cm
606    @a镀膜-化学镀@x技术
606    @a化学镀-镀膜@x技术
690    @aO484.4@v3
701  0 @a赵俊民@Azhao jun min@4编
701  0 @a薛涛@Axue tao@4编
801  2 @aCN@bNLC@c20060817
801  0 @aCN@bTSSF
905    @a10447@dO484.4@e42
    
    化学镀膜技术/薛涛,赵俊民编.-北京:国防工业出版社,1982
    228页;21cm
    
    
    ISBN :CNY0.95
    
●
相关链接 在E读中查询图书 在五车中查询图书 在当当中查询图书 在豆瓣中查询图书


正题名:化学镀膜技术     索取号:O484.4/42         预约/预借

序号 登录号 条形码 馆藏地/架位号 状态 备注
1 0468490   204684902   密集书库/ [索取号:O484.4/42] 在馆    
唐山师范学院图书馆 欢迎您!
大连网信软件有限公司© 版权所有